00622nam a2200193Ia 4500008004100000020001400041082001400055100003900069245002000108250000800128260004600136300002300182500001900205600003300224650001600257942000700273952013100280999001700411240925s9999 xx 000 0 und d a618313850 a512.9 LAR aLarson, Ron ; Hostetler, Robert P. 0aCollege Algebra a6th aBoston:bHoughton Mifflin Companyc,2004. a479p.b0fOriginal aIncludes Index aHumanities & Natural Science aMathematics cBK 001040708HUMaUITUbUITUd2018-12-08eShahid Book Centerg625.00l0o512.9 LARpQ12097r2024-09-25 07:16:19w2024-09-25yBK c14596d14596